SQL A BEGINNER GUIDE/ (Record no. 46141)

MARC details
000 -LEADER
fixed length control field 00392pam a2200169 a 4500
020 ## - INTERNATIONAL STANDARD BOOK NUMBER
Terms of availability
041 ## - LANGUAGE CODE
Language code of original
082 ## - DEWEY DECIMAL CLASSIFICATION NUMBER
Item number HOU
100 ## - MAIN ENTRY--PERSONAL NAME
Personal name HOULETE F.
245 ## - TITLE STATEMENT
Title SQL A BEGINNER GUIDE/
Medium Textual Documents
250 ## - EDITION STATEMENT
Edition statement 01-01-2001.
260 ## - PUBLICATION, DISTRIBUTION, ETC.
Name of publisher, distributor, etc. TATA MC GRAW HILL PUB. CO.LTD. NEW DELHI-110 008
300 ## - PHYSICAL DESCRIPTION
Extent XXIII/424
500 ## - GENERAL NOTE
General note 3210
653 ## - INDEX TERM--UNCONTROLLED
Uncontrolled term INDUSTRIAL MANAGEMENT
930 ## - EQUIVALENCE OR CROSS-REFERENCE-UNIFORM TITLE HEADING [LOCAL, CANADA]
Uniform title 2916
Holdings
Withdrawn status Lost status Damaged status Not for loan Collection Home library Current library Shelving location Date acquired Source of acquisition Cost, normal purchase price Total Checkouts Full call number Barcode Date last seen Copy number Price effective from Koha item type
        EWP College of Engineering for Women, Pune College of Engineering for Women, Pune v 13/02/2004 COLLEGE BOOK DEPOT, 295.00   HOU EWP-3042 24/02/2023 1 24/02/2023 Book